| 000 | 00464nam a2200145 a 4500 | ||
|---|---|---|---|
| 001 | 000036098 | ||
| 005 | 20200930074856.0 | ||
| 008 | 111209s1995 dr 000 0 spa d | ||
| 040 |
_aDO-SdBNP _bspa _cBNPHU |
||
| 100 | 1 |
_aEstrella Collado, Arsenio _962136 |
|
| 245 | 1 | 0 |
_aManual de composición de artes gráficas / _cArsenio Estrella Collado. |
| 260 |
_aSanto Domingo : _bCentro de Composición, _c1995. |
||
| 300 |
_a89 p. : _bil., retrs. ; _c21 cm. |
||
| 049 | _aBNPD | ||
| 999 |
_c35589 _d35589 |
||